Estudio antropológico de las estructuras cefálicas en una colección osteológica procedente de Chinchero (Perú) /
This work presents an anthropological study of crania and mandibles from the osteological collection from Chinchero (Peru), currently housed at the American Archaeological and Ethnological Museum of the Complutense University of Madrid.
المؤلف الرئيسي:
التنسيق: كتاب الكتروني
اللغة: Spanish
منشور في:
Oxford :
Archaeopress Publishing Ltd,
[2016]
سلاسل:
Access archaeology.
الموضوعات:
الوصول للمادة أونلاين: Login to view Source
الوسوم: إضافة وسم
رقم الطلب: F3429
| LEADER | 01848nam a2200421 i 4500 | ||
|---|---|---|---|
| 001 | EDZ0001355901 | ||
| 003 | StDuBDS | ||
| 005 | 20230412181703.0 | ||
| 006 | m|||||o||d|||||||| | ||
| 007 | cr ||||||||||| | ||
| 008 | 160315t20162016enka f b 000|0|spa|d | ||
| 020 | |a 9781784912680 (PDF ebook) : |c No price | ||
| 040 | |a StDuBDS |b eng |c StDuBDS |e rda |e pn | ||
| 050 | 4 | |a F3429 | |
| 082 | 0 | 4 | |a 985.01 |2 23 |
| 100 | 1 | |a Herrera Ureña, José I., |e author. | |
| 245 | 1 | 0 | |a Estudio antropológico de las estructuras cefálicas en una colección osteológica procedente de Chinchero (Perú) / |c José I. Herrera Ureña. |
| 264 | 1 | |a Oxford : |b Archaeopress Publishing Ltd, |c [2016] | |
| 264 | 4 | |c ©2016 | |
| 300 | |a 1 online resource : |b illustrations (black and white, and colour). | ||
| 336 | |a text |2 rdacontent | ||
| 336 | |a still image |2 rdacontent | ||
| 337 | |a computer |2 rdamedia | ||
| 338 | |a online resource |2 rdacarrier | ||
| 490 | 1 | |a Access archaeology | |
| 504 | |a Includes bibliographical references. | ||
| 520 | 8 | |a This work presents an anthropological study of crania and mandibles from the osteological collection from Chinchero (Peru), currently housed at the American Archaeological and Ethnological Museum of the Complutense University of Madrid. | |
| 521 | |a Specialized. | ||
| 546 | |a Spanish text with English abstract. | ||
| 588 | |a Description based on online resource; title from home page (viewed on March 15, 2016). | ||
| 651 | 0 | |a Chinchero (Peru : District) |x Antiquities. | |
| 651 | 0 | |a Skull. | |
| 776 | 0 | 8 | |i Print version : |z 9781784912710 |
| 830 | 0 | |a Access archaeology. | |
| 856 | 4 | 0 | |3 Archaeopress |u http://library.arce.org:8087/Archaeopress/Products/9781784912710 |
| 942 | |2 lcc |c EBOOK | ||
| 952 | |0 0 |1 0 |4 0 |6 F3429 |7 1 |9 46124 |a ARCH |b ARCH |d 2023-04-12 |l 0 |o F3429 |r 2023-04-12 00:00:00 |w 2023-04-12 |y EBOOK | ||
| 999 | |c 51782 |d 51782 | ||
